Análisis de la práctica pedagógica registrada en videos : algunas lecciones para la política educativa en México.

Gardado en:
Detalles Bibliográficos
Autor Principal: Heurística educativa (autor)
Formato: Desconocido
Idioma:Lingua castelá
Temas:
Acceso en liña:Ver documento en línea
Etiquetas: Engadir etiqueta
Sen Etiquetas, Sexa o primeiro en etiquetar este rexistro!

MARC

LEADER 00000c**#a2200000ua#4500
001 000496812
003 DLC
005 20260414000000.0
008 070201c^^^^9999^^^^r1^^^^^^^^0^^^^0spa^d
009 20260414193934.727
022 |a 01851284 
035 |a FCE 000040381 
037 |a Acervo ITESO - Biblioteca 
041 |a spa 
095 |a RLEE  |b 06-1-2-139 
100 |a Heurística educativa  |e (autor) 
245 1 0 |a Análisis de la práctica pedagógica registrada en videos :  |b algunas lecciones para la política educativa en México. 
264 |a México :  |b Centro de Estudios Educativos,  |c 2006. 
336 |a texto  |b txt  |2 rdacontenido 
337 |a sin mediación  |b n  |2 rdamedio 
338 |a volumen  |b nc  |2 rdasoporte 
649 |a XX 
650 |a Registros 
650 |a Educación primaria 
650 |a Videos 
650 |a Políticas de educación 
650 |a Práctica docente 
650 |a México 
740 |g no.1-2, 2006, pp. 139-152  |t Revista Latinoamericana de Estudios Educativos. Construcción ciudadana de lo público, 
856 4 0 |u https://www.cee.edu.mx/rlee/revista/r2001_2010/r_texto/t_2006_1-2_08.pdf  |y Ver documento en línea 
910 |a Fondo Centro de Estudios Educativos 
920 |a Impresos - Libros 
930 |a Fondos Especiales 
905 |a 133 
902 |a https://opac.biblio.iteso.mx/vufind/Record/000496812